THE MACMILLAN BOOK OF PROVERBS FROM AROUND THE WORLD (Record no. 575170)
[ view plain ]
| 000 -LEADER | |
|---|---|
| fixed length control field | 00309nam a22001217a 4500 |
| 020 ## - INTERNATIONAL STANDARD BOOK NUMBER | |
| International Standard Book Number | 0-333-63191-9 |
| 082 ## - DEWEY DECIMAL CLASSIFICATION NUMBER | |
| Classification number | 808.879 PRO'G |
| 100 ## - MAIN ENTRY--PERSONAL NAME | |
| Personal name | GLEASON, NORMA |
| 9 (RLIN) | 67372 |
| 245 ## - TITLE STATEMENT | |
| Title | THE MACMILLAN BOOK OF PROVERBS FROM AROUND THE WORLD |
| 260 ## - PUBLICATION, DISTRIBUTION, ETC. | |
| Place of publication, distribution, etc. | LONDON |
| Name of publisher, distributor, etc. | MACMILLAN |
| Date of publication, distribution, etc. | 1995 |
| 300 ## - PHYSICAL DESCRIPTION | |
| Extent | VIII,135P |
| 942 ## - ADDED ENTRY ELEMENTS (KOHA) | |
| Koha item type | Book |
| Withdrawn status | Lost status | Source of classification or shelving scheme | Damaged status | Not for loan | Permanent Location | Current Location | Shelving location | Date acquired | Shelving control number | Full call number | Barcode | Date last seen | Price effective from | Koha item type | Public note |
|---|---|---|---|---|---|---|---|---|---|---|---|---|---|---|---|
| College of Electrical & Mechanical Engineering (CEME) | College of Electrical & Mechanical Engineering (CEME) | Fiction | 08/01/2017 | English Literature | 808.879 PRO'G | CEME-28979 | 06/28/2021 | 06/28/2021 | Book | CART-4 |
